| 000 | 01094nam a2200253 i 4500 | ||
|---|---|---|---|
| 001 | 184895 | ||
| 003 | SpMaBN | ||
| 005 | 20250827041601.0 | ||
| 008 | 160216s1999 sp bo |||| |dspa d | ||
| 020 | _a84-406-9247-1 | ||
| 080 | _a821.111-992"18" | ||
| 100 | 0 |
_aStevenson, Robert Louis, _d1850-1894 _9108169 |
|
| 245 | 1 | 0 |
_aEn los mares del Sur _b: relato de experiencias y observaciones efectuadas en las islas Marquesas, Pomotú y Gilbert durante dos cruceros realizados en las goletas "Casco" (1888) y "Equator" (1889) / _cRobert Louis Stevenson ; prólogo de Horacio Vázquez-Rial ; [traducción, Agustín Esclasans]. |
| 250 | _a1ª ed. | ||
| 260 |
_aBarcelona : _bEdiciones B, _c1999. |
||
| 300 |
_a402 p. : _b1 fot., 1 mapa ; _c19 cm. |
||
| 490 | 1 | _aBiblioteca grandes viajeros | |
| 651 | 4 |
_aPacífico- _xNavegación. _9147883 |
|
| 700 | 1 |
_aVázquez Rial, Horacio. _9113477 |
|
| 700 | 1 |
_aEsclasans, Agustín. _947545 |
|
| 830 | 1 | 0 |
_aBiblioteca grandes viajeros _9183745 |
| 852 |
_aES-MaACL _jL-30210 _z- Donat. Miguel Ángel Velasco |
||
| 999 |
_c184895 _d184895 |
||